Top 15 Countries by Incarceration Rate - Statistics

General Stats
  • This quiz has been taken 56 times
  • The average score is 4 of 15
Answer Stats
Rank Rate (per 100,000) Country % Correct
1 655 United States
100%
14 392 Russia
74%
5 510 Cuba
42%
4 539 Thailand
36%
15 390 Panama
34%
2 597 El Salvador
32%
8 438 Bahamas
24%
13 393 Saint Kitts and Nevis
20%
11 426 Saint Vincent and the Grenadines
20%
10 435 Grenada
16%
3 552 Turkmenistan
12%
12 395 Palau
10%
6 499 Maldives
8%
9 437 Seychelles
8%
7 464 Rwanda
6%
No matching quizzes found
Score Distribution
Percent of People with Each Score
Percentile by Number Answered
Your Score History
You have not taken this quiz